000 01495nam a22003611i 4500
001 36488
003 BD-RjUL
005 20211209052508.0
008 140624s1959 dcu s f000 0 eng d
035 _aBD-RjUL)36588
040 _aReadex
_c Readex
_beng
_dBD-RjUL
041 _aeng
082 _bSTA 1959
_a310.033816
110 1 _aUnited States.
_b Congress.
_b House.
_9111108
245 1 0 _aStatistical Abstract of the United States, 1959 /
250 _a80th annual edition.
260 _aWashington, DC :
_c 1959.
300 _a1054 p. :
_bill. ;
_c21 cm.
490 1 _aHouse document / 86th Congress, 1st session. House ;
_v no. 79
500 _aTable of contents, p. VII.
500 _aAppendices, p. 954.
500 _aIndex, p. 1001.
540 _aCopyright 2008 by NewsBank, Inc. All rights reserved.
650 0 7 _aAgricultural production.
_2 Readex congressional thesaurus
_9111079
655 7 _aAnnual Reports.
_2 Readex congressional thesaurus
_917738
655 7 _aExecutive Department Publications.
_2 Readex congressional thesaurus
_917739
830 0 _v 86th Congress, no. 79
_9111109
710 1 _aUnited States.
_b Dept. of Commerce.
_b Bureau of the Census (1913-1972)
_9111083
830 0 _aHouse document (United States. Congress. House) ;
_917744
856 4 0 _uhttp://www.columbia.edu/cgi-bin/cul/resolve?clio7321852
_zClick here for full text.
942 _2ddc
_cBK
999 _c36488
_d36488